Регионална библиотека "Любен Каравелов" - Русе

Цербер (Запис номер 157391)

MARC детайли
000 -Лидер
Контролно поле с фиксирана дължина 01429nam a2200385 c 4500
003 - Код на организацията, давaща контролен номер
Контролно поле BLK
005 - Дата и час на последна редакция
Контролно поле 20250329140433.0
008 - Елементи от данни с фиксирана дължина
fixed length control field 180410b bul|||||r ||||||| ||bul||
010 ## - Наследен системен номер
LC control number KNG00164335000
020 ## - Международен стандартен номер на книга ISBN
Международен стандартен номер на книга ISBN 978-954-655-417-8
-- издат.: Бард
040 ## - Източник на каталожния запис
Идентификатор на билиотеката - собственик на записа BLK
041 ## - Код за език
Код за езика на текст/звукозапис или на отделно заглавие Български
Код за езика КДБФ Български
072 #7 - Код за тематичната категория
Код организация bullib
Код за тематична категория Н8301
Текст Трилъри Н
080 ## - УДК
Текстов определител УДК Американска литература (на САЩ)
УДК код - определител по УДК 821.111(73)
УДК определител -312.4
УДК - код + определител 821.111(73)-312.4
100 1# - Редна дума - Автор
Автор Къслър, Клайв
Авторска отговорност първи автор
R(LIN) 277338
139 ## - Редно поле
Редна дума Каслър, Клайв
Авторски знак Кас - К 45
245 10 - Сведения за заглавието
Заглавие Цербер
Подзаглавни данни Роман
Редно поле (дума) Клайв Къслър; * Клайв Каслър; прев. Асен Георгиев.
257 ## - Страна на издаване
Страна на създаване/издаване Съединени американски щати
260 ## - Област на издателските данни
-- София
Име на издателя, разпространителя и проч. Бард
Година на издаване 2013
300 ## - Физическа характеристика
Страници 592 с.
Размери/Мащаб 20 см
380 ## - Жанр
Жанр Худож. лит.
490 1# - СЕРИИ (Колекции)
Име на серия Кралете на трилъра
500 ## - Общи забележки
Забележка Ориг. загл. Valhalla Rising / Clive Cussler. - Възприета форма на името на авт. - Клайв Каслър.
653 ## - Ключова дума – ненормативна
Ключова дума трилъри
653 ## - Ключова дума – ненормативна
Ключова дума романи
659 ## - Тематичен бюлетин
Тематичен бюлетин Н
700 1# - Други автори (авторска отговорност)
Лично име Каслър, Клайв
Автороска отговорност (Описва отношението между автора и произведението) *
9 (RLIN) 364148
700 1# - Други автори (авторска отговорност)
Лично име Георгиев, Асен
Автороска отговорност (Описва отношението между автора и произведението) прев.
9 (RLIN) 364315
852 ## - Местоположение
Форматна сигнатура Цб 270440
856 4# - Електронен адрес и достъп
Електронен формат pdf - файл
Път до файла /url/
856 4# - Електронен адрес и достъп
Електронен формат pdf - файл
Път до файла /url/
942 ## - АРТИКУЛИ
Вид на библиотечния материал Книги
Скрит в OPAC Не
Koha issues (borrowed), all copies 58
944 ## - СЪЗДАВАНЕ И РЕДАКЦИЯ на ЗАПИСА
Създаване/Редакция Създаване
Дата на регистрацията/редакция 26.08.2014
Статус, дата на статуса Севдалина Тодорова
Служител, извършил регистрацията/редакцията 30540
944 ## - СЪЗДАВАНЕ И РЕДАКЦИЯ на ЗАПИСА
Създаване/Редакция Редакция
Дата на регистрацията/редакция 08.10.2014
Статус, дата на статуса ф /
Служител, извършил регистрацията/редакцията
999 ## - СИСТЕМНИ КОНТРОЛНИ НОМЕРА
Koha biblionumber 157391
Koha biblioitemnumber 157391
Наличности
Код за отписване Код за изгубен артикул Код за повреда Коз за рестрикции Код за отдаване Артикулен № Име на библиотеката - собственик Име на библиотеката, в която се намира в момента Статус (Текущо местоположение) Дата на вписване в системата Местоположение - отдел Цена в лева Инвентарен номер Систематично азбучна сигнатура Баркод Номер на екземпляра Цена в евро Служебна бележка Служебен тип на артикула
  Не е изгубен Не е повреден без рестрикции заемане за дома 263705 Регионална библиотека "Любен Каравелов" Русе Регионална библиотека "Любен Каравелов" Русе Заемна - подръчен фонд 2014-08-29 Заемна - подръчен фонд 15.99 120000779972 П 820(73)-31/К 45 120000779972 1 8.18 Дост: Pk Вид: Ф N: 408 Дата: 25.08.2014 Книги
Vip Innovations Ltd, Rousse, Bulgaria 2025